Analýza slabých miest a znižovanie nákladov prostredníctvom controllingu v podniku dizertačná práca

Gespeichert in:
Bibliographische Detailangaben
1. Verfasser: Porubský, Peter
Körperschaft: Fakulta podnikového manažmentu EU. Katedra podnikovohospodárska
Weitere Verfasser: Foltínová, Alžbeta
Format: Buch
Sprache:Slowakisch
Veröffentlicht: Bratislava 2014
Schlagworte:
Tags: Tag hinzufügen
Keine Tags, Fügen Sie das erste Tag hinzu!

MARC

LEADER 00000nbm a2200000 4500
001 0190427
005 20240109074826.0
041 0 |a slo 
044 |a SK 
245 1 0 |a Analýza slabých miest a znižovanie nákladov prostredníctvom controllingu v podniku  |b dizertačná práca  |c Peter Porubský ; školiteľ: Alžbeta Foltínová 
264 1 |a Bratislava  |c 2014 
300 |a 178 s. 
610 2 0 |a kontroling podnikový 
610 2 0 |a náklady 
610 2 0 |a náklady neproduktívne 
610 2 0 |a náklady skryté 
100 1 |a Porubský, Peter 
700 1 |a Foltínová, Alžbeta 
710 2 |a Fakulta podnikového manažmentu EU. Katedra podnikovohospodárska